[Event "Vellmar op 10th"]
[Site "Vellmar"]
[Date "2018.07.13"]
[Round "2"]
[White "Weber, Samuel"]
[Black "Krien, Hartmut"]
[Result "1-0"]
[WhiteElo "2197"]
[BlackElo "1834"]
[PlyCount "31"]
[EventDate "2018.07.12"]
[EventType "swiss"]
[EventRounds "7"]
[EventCountry "GER"]
[SourceTitle "CBM 185 Extra"]
[Source "ChessBase"]
[SourceDate "2018.07.29"]
[SourceVersion "1"]
[SourceVersionDate "2018.07.29"]
[SourceQuality "1"]

1. Nf3 Nf6 2. g3 g6 3. Bg2 Bg7 4. 0-0 0-0 5. d3 d5 6. Nbd2 c5 7. Re1 Bf5 8. Nh4 Bg4 9. h3 g5 10. hxg4 gxh4 11. g5 hxg3 12. gxf6 gxf2+ 13. Kxf2 Bxf6 14. Rh1 Nc6 15. Qg1 Kh8 16. Qh2 1-0

[Event "MVP-ch Seniors op 17th"]
[Site "Binz"]
[Date "2017.12.06"]
[Round "8.42"]
[White "Krien, Hartmut"]
[Black "Hellwege, Werner"]
[Result "0-1"]
[WhiteElo "1825"]
[BlackElo "1918"]
[PlyCount "54"]
[EventDate "2017.11.29"]
[EventType "swiss"]
[EventRounds "9"]
[EventCountry "GER"]
[SourceTitle "EXT 2019"]
[Source "ChessBase"]
[SourceDate "2018.10.10"]
[SourceVersion "1"]
[SourceVersionDate "2018.10.10"]
[SourceQuality "1"]

1. e4 c5 2. Nc3 Nc6 3. Bb5 Nd4 4. Bc4 e6 5. Nf3 g6 6. 0-0 Bg7 7. Nxd4 cxd4 8. Ne2 Ne7 9. f4 Qc7 10. Bd3 0-0 11. f5 exf5 12. exf5 Be5 13. h3 d6 14. g4 Bd7 15. b3 gxf5 16. gxf5 f6 17. Nf4 Kh8 18. Ng6+ hxg6 19. fxg6 Kg7 20. h4 Rh8 21. h5 Nd5 22. Be2 Nf4 23. d3 Nxe2+ 24. Qxe2 Rae8 25. Qg2 Rxh5 26. Qd2 Rg5+ 27. Kf2 Bg3+ 0-1

[Event "MVP-ch Seniors op 17th"]
[Site "Binz"]
[Date "2017.12.05"]
[Round "7.39"]
[White "Deflieze, Ulrich"]
[Black "Krien, Hartmut"]
[Result "1/2-1/2"]
[WhiteElo "1946"]
[BlackElo "1825"]
[PlyCount "40"]
[EventDate "2017.11.29"]
[EventType "swiss"]
[EventRounds "9"]
[EventCountry "GER"]
[SourceTitle "EXT 2019"]
[Source "ChessBase"]
[SourceDate "2018.10.10"]
[SourceVersion "1"]
[SourceVersionDate "2018.10.10"]
[SourceQuality "1"]

1. e4 c6 2. d4 d5 3. Nc3 dxe4 4. Nxe4 Bf5 5. Ng3 Bg6 6. Nf3 Nf6 7. Bc4 e6 8. 0-0 Bd6 9. Re1 Qc7 10. Ne5 Nbd7 11. Bf4 0-0-0 12. c3 Bxe5 13. Bxe5 Nxe5 14. Rxe5 Qxe5 15. dxe5 Rxd1+ 16. Rxd1 Ng4 17. Re1 Rd8 18. h3 Nh6 19. Re2 Rd1+ 20. Kh2 Ng8 1/2-1/2

[Event "MVP-ch Seniors op 17th"]
[Site "Binz"]
[Date "2017.12.04"]
[Round "6.42"]
[White "Krien, Hartmut"]
[Black "Bussler, Juergen"]
[Result "1/2-1/2"]
[WhiteElo "1825"]
[BlackElo "1941"]
[PlyCount "114"]
[EventDate "2017.11.29"]
[EventType "swiss"]
[EventRounds "9"]
[EventCountry "GER"]
[SourceTitle "EXT 2019"]
[Source "ChessBase"]
[SourceDate "2018.10.10"]
[SourceVersion "1"]
[SourceVersionDate "2018.10.10"]
[SourceQuality "1"]

1. e4 c5 2. Nc3 Nc6 3. Bb5 d6 4. Bxc6+ bxc6 5. d3 Nf6 6. Nge2 g6 7. Bf4 Bg7 8. Qd2 0-0 9. Bh6 Rb8 10. Bxg7 Kxg7 11. b3 e5 12. h4 h5 13. Nd1 d5 14. f3 Qb6 15. c4 Rd8 16. Qc3 Qb4 17. 0-0 d4 18. Qe1 Qxe1 19. Rxe1 Be6 20. Nb2 Nd7 21. Na4 f5 22. Rad1 f4 23. Kf2 Rf8 24. Rg1 Rf6 25. Rh1 Rbf8 26. Ng1 Kh6 27. Nh3 Bxh3 28. Rxh3 R8f7 29. Rg1 Rg7 30. g4 fxg3+ 31. Rgxg3 Rf4 32. Rg5 Rgf7 33. Ke2 R7f6 34. Rg1 Rf8 35. Rb1 Rb8 36. Kd2 a5 37. Rg1 Rbf8 38. Ke2 Rg8 39. Rg5 Rxh4 40. Rxg6+ Rxg6 41. Rxh4 Rg2+ 42. Kf1 Rxa2 43. f4 exf4 44. Rxf4 Kg6 45. Rf5 Rd2 46. Nxc5 Nxc5 47. Rxc5 Rxd3 48. Rxc6+ Kf7 49. Rb6 h4 50. Rb5 h3 51. Kg1 Ke6 52. Kh2 Re3 53. Rxa5 Rxb3 54. Rd5 Rb4 55. Rxd4 Ke5 56. Rd1 Kxe4 57. Rc1 Rb8 1/2-1/2

[Event "Pfarrkirchen Rottal op 1st"]
[Site "Pfarrkirchen"]
[Date "2017.04.15"]
[Round "2"]
[White "Krien, Hartmut"]
[Black "Pruesse, Horst"]
[Result "0-1"]
[WhiteElo "1816"]
[BlackElo "2073"]
[PlyCount "134"]
[EventDate "2017.04.14"]
[EventType "swiss"]
[EventRounds "7"]
[EventCountry "GER"]
[SourceTitle "CBM 177 Extra"]
[Source "ChessBase"]
[SourceDate "2017.04.27"]
[SourceVersion "1"]
[SourceVersionDate "2017.04.27"]
[SourceQuality "1"]

1. e4 c5 2. Nc3 e6 3. f4 Nc6 4. Nf3 Nf6 5. Bb5 Nd4 6. e5 Nxb5 7. exf6 Nxc3 8. fxg7 Bxg7 9. bxc3 b6 10. Ng5 Ba6 11. Qg4 h5 12. Qf3 d5 13. Bb2 Qd7 14. 0-0-0 0-0-0 15. g4 f6 16. gxh5 fxg5 17. fxg5 e5 18. h6 e4 19. Qf4 Rhf8 20. Qh4 Be5 21. g6 Be2 22. g7 Bxg7 23. hxg7 Qxg7 24. c4 d4 25. Qxe4 Bf3 26. Rhg1 Qd7 27. Qe5 Rde8 28. Qg3 Bxd1 29. Rxd1 Qe6 30. d3 Qe3+ 31. Qxe3 Rxe3 32. c3 Re2 33. Rd2 Rxd2 34. Kxd2 Rf2+ 35. Kc1 dxc3 36. Bxc3 Rxh2 37. Bd2 Kd7 38. a4 a6 39. Kc2 Ke6 40. Kc3 Ke5 41. Be1 Kf4 42. Bd2+ Kf3 43. Bg5 Ke2 44. Bd8 Rh6 45. a5 bxa5 46. Bxa5 Rd6 47. Kc2 Rh6 48. Bd8 Rh2 49. Be7 Ke1+ 50. Kc3 Rh5 51. Bf6 Rf5 52. Bg7 Rf3 53. Kc2 Rf2+ 54. Kc3 Kd1 55. d4 Rf3+ 56. Kb2 cxd4 57. Bxd4 Kd2 58. Bb6 Kd3 59. c5 Kc4 60. Ka2 Kb5 61. Kb2 a5 62. Bd8 a4 63. Be7 a3+ 64. Kb1 Ka4 65. Kc2 Rf2+ 66. Kb1 Kb3 67. Bg5 a2+ 0-1

[Event "Sachsen-ch Seniors op"]
[Site "Dresden"]
[Date "2016.11.08"]
[Round "9"]
[White "Juergens, Peter1111"]
[Black "Krien, Hartmut"]
[Result "1/2-1/2"]
[WhiteElo "1920"]
[BlackElo "1748"]
[PlyCount "40"]
[EventDate "2016.10.31"]
[EventType "swiss"]
[EventRounds "9"]
[EventCountry "GER"]
[SourceTitle "EXT 2019"]
[Source "ChessBase"]
[SourceDate "2018.10.10"]
[SourceVersion "1"]
[SourceVersionDate "2018.10.10"]
[SourceQuality "1"]

1. d4 d5 2. Bf4 c6 3. Nf3 e6 4. e3 f5 5. c4 Nf6 6. Nc3 Be7 7. Be2 0-0 8. 0-0 Ne4 9. h3 Nd7 10. Ne5 Bg5 11. Bxg5 Qxg5 12. f4 Qd8 13. Nxd7 Nxc3 14. bxc3 Bxd7 15. Qb3 Qc7 16. a4 Rfb8 17. Rab1 b6 18. Qa2 Bc8 19. Rfc1 Bb7 20. Bf3 Qc8 1/2-1/2

[Event "Sachsen-ch Seniors op"]
[Site "Dresden"]
[Date "2016.11.07"]
[Round "8"]
[White "Duijker, Bert"]
[Black "Krien, Hartmut"]
[Result "0-1"]
[WhiteElo "1886"]
[BlackElo "1748"]
[PlyCount "84"]
[EventDate "2016.10.31"]
[EventType "swiss"]
[EventRounds "9"]
[EventCountry "GER"]
[SourceTitle "EXT 2019"]
[Source "ChessBase"]
[SourceDate "2018.10.10"]
[SourceVersion "1"]
[SourceVersionDate "2018.10.10"]
[SourceQuality "1"]

1. Nf3 d5 2. d4 e6 3. g3 c6 4. Bg2 f5 5. 0-0 Nf6 6. c4 Be7 7. b3 0-0 8. Ba3 Ne4 9. Bxe7 Qxe7 10. Ne5 Nd7 11. f3 Nxe5 12. dxe5 Qc5+ 13. Kh1 Nf2+ 14. Rxf2 Qxf2 15. f4 h5 16. Nc3 Qc5 17. Na4 Qe7 18. cxd5 exd5 19. Rc1 h4 20. Qd3 Be6 21. Nc5 Rad8 22. gxh4 Bc8 23. Qg3 b6 24. Nd3 Bb7 25. Qg5 Qxg5 26. hxg5 Kf7 27. b4 Ke6 28. h3 Rc8 29. e3 Rc7 30. Kg1 Ba6 31. Nb2 Rfc8 32. a4 Bb7 33. Kf2 a6 34. a5 bxa5 35. bxa5 c5 36. Na4 c4 37. Nb6 Rb8 38. Na4 Ba8 39. Nb6 Rc5 40. Ke2 Rxa5 41. Nxa8 Rxa8 42. Rxc4 Ra2+ 0-1

[Event "Sachsen-ch Seniors op"]
[Site "Dresden"]
[Date "2016.11.03"]
[Round "4"]
[White "Hadlich, Winfried"]
[Black "Krien, Hartmut"]
[Result "1-0"]
[WhiteElo "1917"]
[BlackElo "1748"]
[PlyCount "65"]
[EventDate "2016.10.31"]
[EventType "swiss"]
[EventRounds "9"]
[EventCountry "GER"]
[SourceTitle "EXT 2019"]
[Source "ChessBase"]
[SourceDate "2018.10.10"]
[SourceVersion "1"]
[SourceVersionDate "2018.10.10"]
[SourceQuality "1"]

1. Nf3 d5 2. b3 c6 3. Bb2 e6 4. e3 f5 5. c4 Nf6 6. Nc3 Be7 7. cxd5 exd5 8. Bd3 0-0 9. 0-0 Ne4 10. Ne2 Nd7 11. Rc1 Qa5 12. Bb1 Ba3 13. Qc2 Bxb2 14. Qxb2 Ndf6 15. d3 Nd6 16. b4 Qb6 17. a3 a5 18. Qe5 Nf7 19. Qd4 Qxd4 20. Nfxd4 axb4 21. axb4 Nd6 22. Nc3 Bd7 23. Bc2 Ra3 24. Na4 Ra8 25. Nc5 Bc8 26. Nce6 Rc3 27. Nf4 g5 28. Nfe2 Rca3 29. f3 Bd7 30. e4 dxe4 31. fxe4 Ng4 32. Bb3+ Kh8 33. h3 1-0